Cities in bad shape: Urban geometry in India (Record no. 515650)

000 -LEADER
fixed length control field 01106nam a22001457a 4500
008 - FIXED-LENGTH DATA ELEMENTS--GENERAL INFORMATION
fixed length control field 210203b ||||| |||| 00| 0 eng d
100 ## - MAIN ENTRY--PERSONAL NAME
Personal name Harari, Mariaflavia
245 ## - TITLE STATEMENT
Title Cities in bad shape: Urban geometry in India
260 ## - PUBLICATION, DISTRIBUTION, ETC. (IMPRINT)
Place of publication, distribution, etc The American Economic Review
300 ## - PHYSICAL DESCRIPTION
Extent 110(8), Aug, 2020: p.2377-2421
520 ## - SUMMARY, ETC.
Summary, etc The spatial layout of cities is an important feature of urban form, highlighted by urban planners but overlooked by economists. This paper investigates the causal economic implications of city shape in India. I measure cities' geometric properties over time using satellite imagery and historical maps. I develop an instrument for urban shape based on geographic obstacles encountered by expanding cities. Compact city shape is associated with faster population growth and households display positive willingness to pay for more compact layouts. Transit accessibility is an important channel. Land use regulations can contribute to deteriorating city shape. – Reproduced
773 ## - HOST ITEM ENTRY
Main entry heading The American Economic Review 1
906 ## - LOCAL DATA ELEMENT F, LDF (RLIN)
Subject DIP URBAN GOVERNANCE - INDIA
942 ## - ADDED ENTRY ELEMENTS (KOHA)
Item type Articles
Holdings
Withdrawn status Lost status Source of classification or shelving scheme Damaged status Not for loan Permanent location Current location Date acquired Serial Enumeration / chronology Barcode Date last seen Koha item type
          Indian Institute of Public Administration Indian Institute of Public Administration 2021-02-03 110(8), Aug, 2020: p.2377-2421 AR124049 2021-02-03 Articles

Powered by Koha